| 000 | 00499nam a2200193Ia 4500 | ||
|---|---|---|---|
| 005 | 20240823021916.0 | ||
| 008 | 240823s9999||||xx |||||||||||||| ||und|| | ||
| 020 | _a0-415-30044-4 | ||
| 041 | _aENGLISH | ||
| 082 | _A658.81 P4 | ||
| 100 | _a"Honeycutt,Earl D et al." | ||
| 245 | 0 | _aSales Management : A Global Perspective | |
| 250 | _a1st | ||
| 260 |
_c2004 _b"Ane Books,New " _aNew Delhi |
||
| 500 | _aYES | ||
| 650 |
_aSales Management _bManagement Studies |
||
| 942 | _cBK | ||
| 999 |
_c177983 _d177983 |
||